000 01351cam a2200385 a 4500
001 2417
003 FISKH
005 20231205113916.0
008 111028s2012 nyu c 000 1 eng
010 _a 2011035027
020 _a9780803736702 (hardcover)
020 _a9780545508575
040 _aDLC
_cDLC
_dDLC
_beng
042 _alcac
_apcc
050 0 0 _aPZ7.T8488
_bThr 2012
082 0 0 _a[Fic]
_223
100 1 _aTurnage, Sheila.
245 1 0 _aThree times lucky /
_cby Sheila Turnage.
250 _aFirst Scholastic, paperback printing, January 2014
260 _aNew York :
_bScholastic,
_c2012
300 _a312 pages :
_c20 cm
505 _aN
520 _aWashed ashore as a baby in tiny Tupelo Landing, North Carolina, Mo LoBeau, now eleven, and her best friend Dale turn detective when the amnesiac Colonel, owner of a café and co-parent of Mo with his cook, Miss Lana, seems implicated in a murder.
521 8 _a560
_bLexile
521 8 _aN
_bRaz-Plus
650 1 _aMystery and detective stories.
650 1 _aRestaurants
_vFiction.
650 1 _aCommunity life
_zNorth Carolina
_vFiction.
650 1 _aIdentity
_vFiction.
650 1 _aMurder
_vFiction.
650 1 _aFoundlings
_vFiction.
651 1 _aNorth Carolina
_vFiction.
906 _a7
_bcbc
_corignew
_d1
_eecip
_f20
_gy-gencatlg
942 _2ddc
_cBK
_n0
999 _c2417
_d2417